Responses for show #81 - Monday, December 31, 1984

Liz Caccese game 1.

Contestants

Mike Pick, an auditor from Arcadia, California

Liz Caccese, a steam plant control operator originally from Chicago, Illinois

Phil Wilson, a word processor from Anaheim, California (whose 1-day cash winnings total $7,795)

Jeopardy! Round responses

WORLD GEOGRAPHY
FOOD
P'S & Q'S
1965
GAMES
MUSIC
    $100 3
Colombo

Mike
    $100 20
meat or beef

Mike
    $100 12
(Mike: What is whey?)
...
(Alex: Remember the category.)

porridge

PhilMike
    $100 14
to walk in space

Liz
    $100 1
(Liz: What is a bishop?)

the king

PhilLiz
    $100 8
George

Phil
    $200 4
North America

Mike
    $200 21
the bacon

Liz
    $200 13
(Phil: What is a program?)

quiz (program)

PhilMike
    $200 23
(Alex: My how things have changed.)

the Republican Party

Triple Stumper
    $200 2
the dragon

Mike
    $200 15
"Dixie"

Liz
    $300 5
the Cape of Good Hope

Mike
    $300 22
a potbelly

Phil
    $300 24
Jean Harlow

Liz
    $500 9
(Alex: The beautiful voice of Karen Carpenter, and Phil, do you have a question for me?)
(Phil: What is [*]?)
(Alex: [*], yes, one of their hit songs.)

"Solitaire"

Phil
    $300 16
"The 1812 Overture"

Liz
    $400 6
(Liz: What is Russia?)

Canada

LizMike
    $400 10
a natural

Phil
    $400 17
James Galway

Liz
    $500 7
the Arabian Peninsula & the Sinai Peninsula

Mike
    $500 19
(Phil: What is a safety punt?)

a quick kick

PhilMike
    $500 11
(Mike: What is 54?)
...
(Alex: In each trick there are 4 players.)

4

Mike
Triple Stumper
    $500 18
(Liz: What are Polovetsian Dances?)

"The Flight Of The Bumblebee"

PhilLiz

Scores at the first commercial break (after clue 9):

Phil Liz Mike
$700 -$500 $1,700

Scores at the end of the Jeopardy! Round:

Phil Liz Mike
$1,300 $500 $1,900

Double Jeopardy! Round responses

ARCHAEOLOGY
SLEEP
MOVIES
NUCLEAR PHYSICS
ART
FIRST LINES
    $200 18
a dig

Liz
    $200 12
insomnia

Mike
    $200 3
flubber

Liz
    $200 13
a nuclear submarine

Liz
    $200 1
the Last Supper

Liz
    $200 11
(Mike: What is God and man?)

the earth and the heavens

PhilMike
    $400 19
King Tutankhamun

Mike
    $400 4
[ERRATUM: Her name is Helen Slater, not Salter.]

Supergirl

Liz
    $400 21
E=mc2

Mike
    $400 2
a pitchfork

Mike
    $400 14
Huckleberry Finn

Liz
    $600 25
(Liz: What is Persia?)

Turkey

PhilLiz
    $600 5
The Cotton Club

Liz
    $600 23
the atomic bomb

Mike
    $600 8
the Moulin Rouge

Liz
    $600 15
(Alex: And the word, of course, is "Rosebud".)

Citizen Kane

Liz
    $1,000 6
(Liz: [No response.])

Sabotage & Saboteur

Liz
    $800 24
a breeder reactor

Mike
    $800 9
Maja

Liz
    $800 16
Catch-22

Liz
    $1000 20
(Liz: [No response.])
(Mike: What is Chichen Itza?)

Machu Picchu

LizMike
Triple Stumper
    $1000 26
Hypnos

Triple Stumper
    $1000 7
Greenwich Village

Liz
    $1000 22
hydrogen

Mike
    $1000 10
Hans Holbein

Liz
    $1000 17
April

Liz

Scores at the end of the Double Jeopardy! Round:

Phil Liz Mike
$2,100 $5,900 $4,500

[wagering suggestions for these scores]

Final Jeopardy! Round responses

SPORTS
PhilWhat are New York & Chicago?
$2,000
MikeWhat is New York City and Chicago
$4,400
LizWhat is Chicago and New York?
$5,000
New York & Chicago

Final scores:

Phil Liz Mike
$4,100 $10,900 $8,900
3rd place: unknown New champion: $10,900 2nd place: unknown

Game dynamics:

Coryat scores:

Phil Liz Mike
$1,900 $6,900 $4,500
9 R
(including 1 DD),
2 W
20 R,
6 W
(including 1 DD)
16 R,
4 W

Combined Coryat: $13,300

The J! Archive is created by fans, for fans. The Jeopardy! game show and all elements thereof, including but not limited to copyright and trademark thereto, are the property of Jeopardy Productions, Inc. and are protected under law. This website is not affiliated with, sponsored by, or operated by Jeopardy Productions, Inc. Join the discussion at JBoard.tv.